| Поле | Инд. | ПП | Название | Значение |
|---|---|---|---|---|
| Тип записи | a | |||
| Библиографический уровень | b | |||
| 001 | Контрольный номер | RU/IS/BASE/257518445 | ||
| 005 | Дата корректировки | 20220303151855.5 | ||
| 008 | Кодируемые данные | 20080228 | ||
| 040 | b | Код языка каталог. | rus | |
| e | Правила каталог. | PSBO | ||
| 041 | 0_ | a | Код языка текста | rus |
| 084 | a | Индекс другой классификации/Индекс ББК | 83.3(2=411.2)5 | |
| 100 | 1_ | a | Автор | Панкратова М. Н. |
| 245 | 10 | a | Заглавие | Свет и тьма в творчестве Ф. М. Достоевского: основы подхода к исследованию малоизученного аспекта поэтики |
| 504 | a | Библиография | Библиогр. - Примеч.: с. 103 - 104 | |
| 600 | 14 | a | Персоналии | Достоевский Федор Михайлович |
| 650 | 04 | a | Основная рубрика | история литературы |
| a | Основная рубрика | литературоведение | ||
| a | Основная рубрика | филологические науки | ||
| 653 | 0_ | a | Ключевые слова | XIX век |
| a | Ключевые слова | лексико-семантические поля | ||
| a | Ключевые слова | лексико-стилистический анализ | ||
| a | Ключевые слова | освещение | ||
| a | Ключевые слова | поэтика романа | ||
| a | Ключевые слова | Россия | ||
| a | Ключевые слова | свет | ||
| a | Ключевые слова | сумрак | ||
| a | Ключевые слова | тьма | ||
| 773 | 0_ | t | Заглавие источника | Вестник Московского университета. Серия 9, Филология |
| d | Дата издания источника | 2007 | ||
| g | Прочая информация | № 3. - С. 97 - 104 | ||
| w | Контрольный № источника | RU/IS/BASE/238074426 | ||
| 901 | t | Тип документа | b |